000 00437nam a2200181Ia 4500
001 13997
005 20260306164842.0
008 260306t2008||||xx |||||||||||||| ||spa||
041 _aESP
082 _a005.758
_bP44 2008
100 _aPérez, César
_eAUT
245 0 _aOracle 10g:
_badministración y análisis de bases de datos
260 _c2008
300 _a
_c
650 _aGEN
654 _aCCC
942 _cLIB
_dJUS
_fJUS
_2ddc
_n
999 _c13997
_d13997